Ảnh hưởng nước thải biogas đến sự thay đổi độ phì đất trồng đậu bắp (Abelmoschus esculentus L.) : Luận văn tốt nghiệp Cao học. Chuyên ngành Khoa học môi trường

Đánh giá hiệu quả của nước thải biogas đối với một số chỉ tiêu hóa học đất trước và sau khi trồng đậu bắp, năng suất của đậu bắp khi sử dụng nguồn dinh dưỡng trong nước thải biogas và phân hóa học....

Πλήρης περιγραφή

Αποθηκεύτηκε σε:
Λεπτομέρειες βιβλιογραφικής εγγραφής
Κύριος συγγραφέας: Bùi, Thị Thùy Linh
Μορφή: Βιβλίο
Γλώσσα:Undetermined
Έκδοση: Cần Thơ Trường Đại học Cần Thơ 2017
Θέματα:
Ετικέτες: Προσθήκη ετικέτας
Δεν υπάρχουν, Καταχωρήστε ετικέτα πρώτοι!
Thư viện lưu trữ: Trung tâm Học liệu Trường Đại học Cần Thơ
LEADER 01165nam a2200205Ia 4500
001 CTU_224948
008 210402s9999 xx 000 0 und d
082 |a 631.422 
082 |b L312 
100 |a Bùi, Thị Thùy Linh 
245 0 |a Ảnh hưởng nước thải biogas đến sự thay đổi độ phì đất trồng đậu bắp (Abelmoschus esculentus L.) : 
245 0 |b Luận văn tốt nghiệp Cao học. Chuyên ngành Khoa học môi trường 
245 0 |c Bùi Thị Thùy Linh ; Bùi Thị Nga (Cán bộ hướng dẫn) 
260 |a Cần Thơ 
260 |b Trường Đại học Cần Thơ 
260 |c 2017 
520 |a Đánh giá hiệu quả của nước thải biogas đối với một số chỉ tiêu hóa học đất trước và sau khi trồng đậu bắp, năng suất của đậu bắp khi sử dụng nguồn dinh dưỡng trong nước thải biogas và phân hóa học. 
650 |a Soil fertility,Độ phì của đất 
910 |b nthai 
980 |a Trung tâm Học liệu Trường Đại học Cần Thơ